000 00297nam a22001337a 4500
008 171012b xxu||||| |||| 00| 0 eng d
020 _a9780534110963
041 _aeng
080 _24TH
_a316
100 _a50
101 _aSOC
245 _aSOCIAL WORK PROCESSES
_cCOMPTON,B.R
942 _2udc
_cBK
999 _c33423
_d33423